000 00638nam a2200229Ia 4500
005 20250508170157.0
008 008 250505s9999 xx 000 0 eng d
020 _a978-93-90897-34-6
037 _aTextBook
040 _aFEDL
_beng
_cFEDL
041 _aeng
_2eng
084 _a001.422, ARO/R
_qFEDL
100 _aAron Arthur
_9783328
245 0 _aStatistics for psychology
250 _a6
260 _aNoida, India
_bPearson India Education Service
_c2020
300 _a729p.
365 _aINR
_b685
700 _a Aron Elaine Coups Elliot
_9783329
942 _cTB
_h001.422, ARO/R
999 _c1399642
_d1399642